000 00499nam a22001937a 4500
003 OSt
005 20140310181710.0
008 121207t xxu||||| |||| 00| 0 eng d
020 _a9715690122
050 _aPL 5531
_b.Sa237 1991
082 _aFIL 899.21
_bSa59b 1991
100 _aSantos, Bienvenido
245 _aBrother, my brother /
_cBienvenido Santos.
260 _aManila
_bBookmark Inc.
_c1991
300 _c18 cm.
_a292 p. :
_bill. ;
942 _2lcc
_cBK
999 _c1506
_d1506